Electron: acentenary Volume; (Record no. 5844)

MARC details
000 -LEADER
fixed length control field 00533nam a22001937a 4500
003 - CONTROL NUMBER IDENTIFIER
control field OSt
005 - DATE AND TIME OF LATEST TRANSACTION
control field 20170509193034.0
008 - FIXED-LENGTH DATA ELEMENTS--GENERAL INFORMATION
fixed length control field 170509b xxu||||| |||| 00| 0 eng d
020 ## - INTERNATIONAL STANDARD BOOK NUMBER
International Standard Book Number 0521561302
040 ## - CATALOGING SOURCE
Transcribing agency DDC.
082 ## - DEWEY DECIMAL CLASSIFICATION NUMBER
Classification number 530.411ELE 1997.
100 ## - MAIN ENTRY--PERSONAL NAME
Personal name Edited by Springford,Micheal;
9 (RLIN) 12133
245 ## - TITLE STATEMENT
Title Electron: acentenary Volume;
260 ## - PUBLICATION, DISTRIBUTION, ETC. (IMPRINT)
Place of publication, distribution, etc. Cambridge;Cambridge University Press,1997.
300 ## - PHYSICAL DESCRIPTION
Extent xii,330p;
Other physical details ill:
Dimensions 23cm
504 ## - BIBLIOGRAPHY, ETC. NOTE
Bibliography, etc includes index and references.
650 ## - SUBJECT ADDED ENTRY--TOPICAL TERM
Topical term or geographic name as entry element Physics.
9 (RLIN) 809
942 ## - ADDED ENTRY ELEMENTS (KOHA)
Source of classification or shelving scheme Dewey Decimal Classification
Koha item type Open Shelf
Holdings
Withdrawn status Lost status Source of classification or shelving scheme Damaged status Not for loan Home library Current library Date acquired Source of acquisition Inventory number Total Checkouts Full call number Barcode Date last seen Price effective from Koha item type
    Dewey Decimal Classification     MUST Main Library MUST Main Library 09/05/2017   05/24883   530.411ELE 1997. 2017-0833 09/05/2017 09/05/2017 Open Shelf
    Dewey Decimal Classification     MUST Main Library MUST Main Library 21/06/2024 Purchase 2005/24882   530.411ELE 1997. 2024-21001 21/06/2024 21/06/2024 Open Shelf